000
00322nam a22001337a 4500
008
171027b xxu||||| |||| 00| 0 eng d
020
_a
9781422411421
041
_a
eng
080
_2
2ND
_a
336
100
_a
56
101
_a
FIN
245
_a
UNDERSTANDING MODERN REAL ESTATE TRANSACTIONS
_c
JOHNSON,A.M
942
_2
udc
_c
BK
999
_c
36276
_d
36276